000 00436nam a22001457a 4500
999 _c18535
_d18535
008 200925b xxu||||| |||| 00| 0 eng d
020 _a1362023432
050 _aQA303
_b.E34 1902 c.1
100 _aEchols, William
245 _aAn elementary text-book on the differential and integral calculus
_cWilliam Echols
260 _aNew York
_bHenry Holt and company
_c1902
300 _ax, 480p.
650 _aCalculus
942 _2lcc
_cBK